Výroba náprav motorových vozidiel zváraním /
Enregistré dans:
| Auteur principal: | |
|---|---|
| Format: | Livre |
| Langue: | slovaque |
| Publié: |
Bratislava :
SlTK-Centrum VTI SR,
1989
|
| Sujets: | |
| Tags: |
Pas de tags, Soyez le premier à ajouter un tag!
|
MARC
| LEADER | 00000nam a22000003a 4500 | ||
|---|---|---|---|
| 001 | stu44226 | ||
| 005 | 20150617225715.0 | ||
| 008 | 950207s1989----cs------------------slo-d | ||
| 040 | |a STU |b slo | ||
| 041 | 0 | |a slo | |
| 044 | |a cs | ||
| 080 | |a 629.1.01 | ||
| 080 | |a 621.791 | ||
| 100 | 1 | |a Uhrínová, M |4 ZRE | |
| 245 | 1 | |a Výroba náprav motorových vozidiel zváraním / |c Sprac. M. Uhrínová | |
| 260 | |a Bratislava : |b SlTK-Centrum VTI SR, |c 1989 | ||
| 300 | |a 41 záznamov (1981-1988 | ||
| 650 | 7 | |a Vozidlá motorové |2 stusub | |
| 650 | 7 | |a zváranie |2 stusub | |
| 650 | 7 | |a Nápravy |2 stusub | |
| 650 | 7 | |a rešerš |2 stusub | |
| 996 | |b M R-63 |c M*R-63 |l MMKN |s A |a 24 |w stu44226_0001 | ||